00361nam a22001217a 4500999001900000020001700019100001600036245002300052260002800075300001200103942000700115952011700122 c261050d261049 a971481446747 aKevin Sands aMark of the Plague aNew YorkbAladdinc2016 a529 pgs cBK 001040708FICa40404b40404cCHILDd2023-10-27l1pCL20221873r2025-08-18 00:00:00s2025-08-01w2023-10-27yBK